000 00250nam a2200109Ia 4500
008 190914s9999||||xx |||||||||||||| ||und||
100 _aRoger Cartwright
245 0 _aEmpowerment
260 _aIndia
_bMcGraw Hill
_c1996
300 _a220
942 _cBK
999 _c9389
_d9389